[Event "Brasschaat op 14th"]
[Site "Brasschaat"]
[Date "2014.08.16"]
[Round "1"]
[White "Naalden, Marc"]
[Black "Pauwels, Evert"]
[Result "1/2-1/2"]
[WhiteElo "2010"]
[BlackElo "1630"]
[PlyCount "82"]
[EventDate "2014.08.16"]
[EventType "swiss"]
[EventRounds "9"]
[EventCountry "BEL"]
[SourceTitle "CBM 161 Extra"]
[Source "ChessBase"]
[SourceDate "2014.08.29"]
[SourceVersion "1"]
[SourceVersionDate "2014.08.29"]
[SourceQuality "1"]

1. Nf3 d5 2. c4 c6 3. b3 Bf5 4. Bb2 e6 5. d3 Nf6 6. g3 Be7 7. Bg2 0-0 8. 0-0 Nbd7 9. Nbd2 Re8 10. Nh4 Bg6 11. Nxg6 hxg6 12. e4 Nc5 13. e5 Nh7 14. d4 Nd7 15. f4 Nb6 16. g4 f5 17. c5 Nd7 18. gxf5 exf5 19. b4 Ndf8 20. a4 Ne6 21. Qb3 Kf7 22. Rf3 Rb8 23. a5 Bh4 24. b5 Nhf8 25. Nf1 Nd7 26. Qa4 Rc8 27. bxc6 bxc6 28. Bc1 Qc7 29. a6 Rb8 30. Bd2 Bd8 31. Ne3 Rh8 32. Nc2 Rb2 33. Bc3 Ndxc5 34. dxc5 Nxc5 35. Qd4 Rxc2 36. Qxc5 Qd7 37. Qd4 Bb6 38. Re3 Bxd4 39. e6+ Qxe6 40. Bxd4 Qd7 41. Rb1 Rc8 1/2-1/2